000 00443nam a2200181Ia 4500
001 19729
005 20260306172714.0
008 260306t2007||||xx |||||||||||||| ||spa||
041 _aESP
082 _a341.52
_bR91
100 _aRubio Correa, Marcial
_eAUT
245 0 _aAplicación de la norma jurídica en el tiempo
260 _c2007
300 _a175 páginas :
_ccm.
650 _aGEN
654 _aCDE
942 _cLIB
_dJUS
_fJUS
_2ddc
_n
999 _c19729
_d19729